Vegetación y flora de Madrid / (Record no. 180108)

MARC details
000 -LEADER
campo de control de longitud fija 00889nam a2200253 i 4500
001 - NÚMERO DE CONTROL
campo de control 180108
003 - IDENTIFICADOR DE NÚMERO DE CONTROL
campo de control ES-MaACL
005 - FECHA Y HORA DE LA ÚLTIMA TRANSACCIÓN
campo de control 20230928163535.0
008 - DATOS DE LONGITUD FIJA--INFORMACIÓN GENERAL
campo de control de longitud fija 120417s2010 sp abo |||| | spa d
020 ## - NÚMERO INTERNACIONAL ESTÁNDAR DEL LIBRO
Número Internacional Estándar del Libro 978-84-614-5505-8
080 ## - NÚMERO DE LA CLASIFICACIÓN DECIMAL UNIVERSAL
Número de la Clasificación Decimal Universal 581.9(460.27)
100 1# - ENTRADA PRINCIPAL--NOMBRE DE PERSONA
Nombre de persona Grijalbo Cervantes, Javier.
9 (RLIN) 138580
245 10 - MENCIÓN DEL TÍTULO
Título Vegetación y flora de Madrid /
Mención de responsabilidad, etc. Javier Grijalbo Cervantes.
260 ## - PUBLICACIÓN, DISTRIBUCIÓN, ETC.
Lugar de publicación, distribución, etc. [Madrid] :
Nombre del editor, distribuidor, etc. J. Grijalbo,
Fecha de publicación, distribución, etc. [2010] (
Lugar de fabricación/manufactura [Medina del Campo, Valladolid] :
Fabricante Náyade)
300 ## - DESCRIPCIÓN FÍSICA
Extensión 376 p. :
Otras características físicas il. col., fot., mapas ;
Dimensiones 24 cm.
500 ## - NOTA GENERAL
Nota general Glosario.
500 ## - NOTA GENERAL
Nota general Índices.
504 ## - NOTA DE BIBLIOGRAFÍA, ETC.
Nota de bibliografía, etc. Bibliografía: p. 339-350.
650 #7 - PUNTO DE ACCESO ADICIONAL DE MATERIA--TÉRMINO DE MATERIA
Término de materia o nombre geográfico como elemento de entrada Flora-
Subdivisión geográfica Madrid (Comunidad Autónoma)
9 (RLIN) 149813
650 #4 - PUNTO DE ACCESO ADICIONAL DE MATERIA--TÉRMINO DE MATERIA
Término de materia o nombre geográfico como elemento de entrada Vegetación-
Subdivisión geográfica Madrid (Comunidad Autónoma)
9 (RLIN) 149814
852 ## - LOCALIZACIÓN
Ubicación ES-MaACL
Número de control de estantería A-12055
itemnumber 187018
Sublocalización o colección R.146947
Ubicación en estantería Depósito 1
Signatura antigua Olim: N-5060
942 ## - ELEMENTOS DE ENTRADA SECUNDARIOS (KOHA)
Fuente del sistema de clasificación o colocación Clasificación decimal universal
Tipo de ítem Koha Libro impreso
Holdings
Estatus retirado Estado de pérdida Fuente del sistema de clasificación o colocación Estado de daño No para préstamo Biblioteca de origen Biblioteca actual Ubicación en estantería Fecha de adquisición Fuente de adquisición Total de préstamos Signatura topográfica completa Código de barras Visto por última vez Precio de reemplazo Tipo de ítem Koha
    Clasificación decimal universal     Biblioteca del Ateneo de Madrid Biblioteca del Ateneo de Madrid Depósito 1 17/04/2012 Donación   A-12055 1189243 23/02/2023 23/02/2023 Libro impreso